00492cam a2200193 a 4500001000800000005001700008008004100025010001700066020001500083035002100098040001800119041000800137080001500145082001900160100000700179101000800186245006000194530004400254450474320180213040818.0980223s1998 nyu d 000 0 eng  a 98003333  a0192800817 a(DLC) 98003333 aDLCcDLCdDLC aeng a301.03 MAR00a301.03 MAR221 a50 aSOC02aA dictionary of sociology /cedited by Gordon Marshall. aAvailable also online via the Internet.